Länder Flagge + Umriss Quiz #5 - Statistiken

Allgemein
  • Dieses Quiz wurde 21.687 mal gespielt
  • Das Durchschnittsergebnis liegt bei 12 aus 16
Antwortstatistiken
Bildquiz Antwort % Korrekt
Türkei
100%
Deutschland
99%
Belgien
97%
Serbien
90%
Katar
82%
Algerien
81%
Venezuela
81%
Somalia
74%
Angola
73%
Philippinen
73%
Costa Rica
72%
Monaco
71%
Haiti
58%
Sambia
52%
Oman
49%
Belize
46%
Keine übereinstimmenden Quizze gefunden
Verteilung der Resultate
Anzahl Personen mit jedem Resultat
Perzentil nach korrekt beantworteten Fragen
Ihre Resultats-Entwicklung
Sie haben dieses Quiz noch nicht gespielt